The noble scholar, jurist, historian


 His Excellency Dr. Abdul Wahhab bin Ibrahim Abu Sulaiman, may Allah have mercy on him.


 He was born in Umm Al-Qura in the year 1356 AH.

كتاب مجابي الدعوة / (Record no. 11465)

MARC details
000 -LEADER
fixed length control field 01426cam a2200277 i 4500
003 - CONTROL NUMBER IDENTIFIER
control field SA-RiAUC
005 - DATE AND TIME OF LATEST TRANSACTION
control field 20250907115925.0
008 - FIXED-LENGTH DATA ELEMENTS--GENERAL INFORMATION
fixed length control field 250903s1984 le g 000r0 ara c
040 ## - CATALOGING SOURCE
Original cataloging agency SA-JeALM
Language of cataloging ara
Transcribing agency SA-RiAUC
Description conventions rda
082 04 - DEWEY DECIMAL CLASSIFICATION NUMBER
Classification number 237.3
090 ## - LOCALLY ASSIGNED LC-TYPE CALL NUMBER (OCLC); LOCAL CALL NUMBER (RLIN)
Classification number (OCLC) (R) ; Classification number, CALL (RLIN) (NR) 237.3
Local cutter number (OCLC) ; Book number/undivided call number, CALL (RLIN) ا ب ن ا
100 1# - MAIN ENTRY--PERSONAL NAME
Personal name ابن أبي الدنيا، عبد الله بن محمد بن عبيد،
Dates associated with a name 208-281 هجري
Relator term مؤلف.
245 10 - TITLE STATEMENT
Title كتاب مجابي الدعوة /
Statement of responsibility, etc. أبو بكر عبد الله بن محمد بن أبى الدنيا القرني، بما رواه أبو علي الحسين بن صفوان البرذعي، رواية أبي الحسين علي بن محمد بن عبد الله بن بشران ؛ حققه مكتب التحقيق في مؤسسة الرسالة.
250 ## - EDITION STATEMENT
Edition statement الطبعة الأولى.
264 #1 - PRODUCTION, PUBLICATION, DISTRIBUTION, MANUFACTURE, AND COPYRIGHT NOTICE
Place of production, publication, distribution, manufacture بيروت :
Name of producer, publisher, distributor, manufacturer مؤسسة
Date of production, publication, distribution, manufacture, or copyright notice 1984
300 ## - PHYSICAL DESCRIPTION
Extent 114 صفحة ؛
Dimensions 20 سم
336 ## - CONTENT TYPE
Content type term نص
Content type code txt
Source rdacontent
Materials specified كتاب
337 ## - MEDIA TYPE
Media type term بدون وسيط
Media type code n
Source rdamedia
338 ## - CARRIER TYPE
Carrier type term مجلد
Carrier type code nc
Source rdacarrier
650 #7 - SUBJECT ADDED ENTRY--TOPICAL TERM
Topical term or geographic name entry element الأدعية والأوراد
Source of heading or term aucsh
700 1# - ADDED ENTRY--PERSONAL NAME
Personal name البرذعي، الحسين بن صفوان،
Dates associated with a name توفي 952
Relator term راوى.
700 1# - ADDED ENTRY--PERSONAL NAME
Personal name بشران، علي بن محمد بن عبد الله
Relator term راوى.
710 2# - ADDED ENTRY--CORPORATE NAME
Corporate name or jurisdiction name as entry element مؤسسة الرسالة (دمشق).
Subordinate unit مكتب تحقيق التراث
Relator term محقق.
942 ## - ADDED ENTRY ELEMENTS (KOHA)
Source of classification or shelving scheme Dewey Decimal Classification
Koha item type Books
Suppress in OPAC No
949 ## - LOCAL PROCESSING INFORMATION (OCLC)
a SA-JeALM
d 250903
u mohamedma123
n 1
Holdings
Withdrawn status Lost status Source of classification or shelving scheme Damaged status Not for loan Home library Current library Date acquired Total checkouts Full call number Barcode Date last seen Price effective from Koha item type
    Dewey Decimal Classification     DR AbdElwahab Library DR AbdElwahab Library 09/07/2025   237.3 ا ب ن ا 000018513 09/07/2025 09/07/2025 Books